00000000nam##2200000za#4500
0019.534730
003CaOODSP
00520210615083626
007ta
008150406|2000||||xxc|||||     f|0| 0 eng|d
040 |aCaOODSP|beng
041 |aeng
041 |afre
043 |an-cn---
0861 |aH12-30/113
1101 |aCanada.|bHealth Canada. |bHealth Protection Branch.
24510|aCleaning of reusable resuscitators and PEEP valves
260 |aOttawa - Ontario : |bHealth Canada.
300 |a3p. ; |c28 cm.
4901 |aAlert: medical devices |vNo. 113, September 7, 2000
546 |aBilingual
563 |aPamphlet
590 |a00-51|b2000-12-29
69007|aMedical technology|2gcpds
69007|aSafety measures|2gcpds
7760#|tNettoyage des réanimateurs et des valves de PEP réutilisables |w(CaOODSP)9.588062
792 |tNettoyage des réanimateurs et des valves de PEP réutilisables |efre|w(CaOODSP)9.534731
830#0|aAlert: medical devices ;|vNo. 113, September 7, 2000|w(CaOODSP)9.509384